Lineamientos para la producción y preservación de objetos de audio digitales (Record no. 3394)

MARC details
000 -CABECERA
campo de control de longitud fija 01011nam a2200265 a 4500
001 - NÚMERO DE CONTROL
campo de control BRCA_3662
005 - FECHA Y HORA DE LA ÚLTIMA TRANSACCIÓN
campo de control 20190320204355.0
008 - DATOS DE LONGITUD FIJA--INFORMACIÓN GENERAL
campo de control de longitud fija 010909s2006----mx-d---###---#000-0#spa-#
041 ## - CÓDIGO DE LENGUA
Código de lengua del texto/banda sonora o título independiente spa
044 ## - CÓDIGO DEL PAÍS DE LA ENTIDAD EDITORA/PRODUCTORA
Código MARC del país mx
050 #4 - SIGNATURA TOPOGRÁFICA DE LA BIBLIOTECA DEL CONGRESO
Número de clasificación Z701.3
Número de documento/Ítem .L56
-- 2006
245 10 - MENCIÓN DE TÍTULO
Título Lineamientos para la producción y preservación de objetos de audio digitales
Mención de responsabilidad, etc. editor Kevin Bradley ; editor en México Benjamín Rocha ; traducción Antonio Limas.
260 ## - PUBLICACIÓN, DISTRIBUCIÓN, ETC.
Lugar de publicación, distribución, etc. México
Nombre del editor, distribuidor, etc. IASA : Radio Educación
Fecha de publicación, distribución, etc. 2006
300 ## - DESCRIPCIÓN FÍSICA
Extensión 88 p.
Otras características físicas il.
Dimensiones 25 cm.
440 #0 - MENCIÓN DE SERIE/PUNTO DE ACCESO ADICIONAL--TÍTULO
Título Estándares, prácticas recomendadas y estrategias
Designación de volumen o secuencia IASA-TC04
9 (RLIN) 9499
500 ## - NOTA GENERAL
Nota general Incluye índice de materias
504 ## - NOTA DE BIBLIOGRAFÍA, ETC.
Nota de bibliografía, etc. Bibliografía: p. 82-83
650 14 - PUNTO DE ACCESO ADICIONAL DE MATERIA--TÉRMINO DE MATERIA
Término de materia o nombre geográfico como elemento de entrada Preservación digital
Subdivisión de forma Normas
9 (RLIN) 9500
650 14 - PUNTO DE ACCESO ADICIONAL DE MATERIA--TÉRMINO DE MATERIA
Término de materia o nombre geográfico como elemento de entrada Medios digitales
Subdivisión de forma Normas
Subdivisión general Preservación
9 (RLIN) 9501
650 14 - PUNTO DE ACCESO ADICIONAL DE MATERIA--TÉRMINO DE MATERIA
Término de materia o nombre geográfico como elemento de entrada Sonido
Subdivisión de forma Técnicas digitales
Subdivisión general Grabación y reproducción
9 (RLIN) 9502
700 1# - PUNTO DE ACCESO ADICIONAL--NOMBRE DE PERSONA
Nombre de persona Bradley, Kevin
Término indicativo de función/relación ed
9 (RLIN) 9503
700 1# - PUNTO DE ACCESO ADICIONAL--NOMBRE DE PERSONA
Nombre de persona Rocha, Benjamín
Término indicativo de función/relación ed
9 (RLIN) 9504
700 1# - PUNTO DE ACCESO ADICIONAL--NOMBRE DE PERSONA
Nombre de persona Limas, Antonio
Término indicativo de función/relación tr
9 (RLIN) 9505
942 ## - ELEMENTOS DE PUNTO DE ACCESO ADICIONAL (KOHA)
Fuente del sistema de clasificación o colocación Library of Congress Classification
Tipo de ítem Koha Libros
Holdings
Estado de retiro Estado de pérdida Estado dañado No para préstamo Localización permanente Ubicación/localización actual Fecha de adquisición Total de préstamos Signatura topográfica completa Código de barras Fecha visto por última vez Precio válido a partir de Tipo de ítem Koha
El ejemplar forma parte de la colección y puede ser consultado según las políticas vigentes.       Biblioteca del Museo Franz Mayer (Rogerio Casas-Alatriste) Biblioteca del Museo Franz Mayer (Rogerio Casas-Alatriste) 27/08/2009   Z701.3 .L56 2006 00201 22/03/2019 22/03/2019 Libros